Introduction to forensic anthropology (Record no. 394454)

MARC details
000 -LEADER
fixed length control field 00516 a2200193 4500
005 - DATE & TIME
control field 20260402142935.0
008 - FIXED-LENGTH DATA ELEMENTS--GENERAL INFORMATION
fixed length control field 260402b |||||||| |||| 00| 0 eng d
020 ## - ISBN
International Standard Book Number 9788121202428
Price Rs. 590.00
040 ## - CATALOGING SOURCE
Original cataloging agency VIVEKANANDA LIBRARY
082 ## - DDC NUMBER
Classification number 363.2562
Book Number N194I
100 ## - MAIN ENTRY--PERSONAL NAME
Personal name Nath, Surinder
245 ## - TITLE STATEMENT
Title Introduction to forensic anthropology
260 ## - PUBLICATION, DISTRIBUTION, ETC. (IMPRINT)
Name of publisher, distributor, etc Gyan Publishing House
Date of publication, distribution, etc 2018
Place of publication, distribution, etc New Delhi
300 ## - PHYSICAL DESCRIPTION
Pages xii, 147
650 ## - Subject
Subject Forensic Science
650 ## - Subject
Subject Social Problems
650 ## - Subject
Subject Police Services
942 ## - ADDED ENTRY ELEMENTS (KOHA)
Koha item type Books
Holdings
Withdrawn status Lost status Source of classification or shelving scheme Damaged status Not for loan Location (home branch) Sublocation or collection (holding branch) Shelving location Date acquired Koha issues (times borrowed) Koha full call number Accession No. Koha date last seen Koha item type
    Dewey Decimal Classification     VIVEKANANDA LIBRARY VIVEKANANDA LIBRARY Vivekananda Library 27/01/2026   363.2562 N194I 444668 27/01/2026 Books
© Designed and Maintained by Vivekananda Library, MDU Rohtak